[Event "Druzynowe Mistrzostwa Polski Juniorow 2019 - II Liga"]
[Site "Szczyrk"]
[Date "1899-12-30"]
[Round "9.22"]
[White "Szlosarczyk, Hubert"]
[Black "Musin, Pawel"]
[Result "1-0"]
[WhiteTitle "I"]
[BlackTitle "II"]
[WhiteElo "1549"]
[BlackElo "1181"]

1. d4 d5 2. c4 c6 3. Nf3 Nf6 4. Nc3 e6 5. e3 Be7 6. Qc2 Nbd7 7. Bd3 dxc4 8. Bxc4
b6 9. O-O Bb7 10. e4 c5 11. d5 exd5 12. exd5 O-O 13. Bf4 Nh5 14. Bg3 Nxg3 15.
hxg3 Nf6 16. Rad1 Bd6 17. Rfe1 Re8 18. a4 a6 19. Qb3 Qc7 20. Qc2 h6 21. Qd3 Re7
22. Rxe7 Qxe7 23. Re1 Qd7 24. Ne4 Nxe4 25. Rxe4 Qxa4 26. Qe2 Qd7 27. Ne5 Bxe5
28. Rxe5 Qd6 29. Re8+ Kh7 30. Qe4+ g6 31. Re7 b5 32. Rxf7+ Kg8 33. Rxb7 bxc4 34.
Re7 Rd8 35. Re6 Qxd5 36. Qxg6+ Kh8 37. Re7 Qd1+ 38. Kh2 Rd6 39. Qh7# 1-0

[Event "Druzynowe Mistrzostwa Polski Juniorow 2019 - II Liga"]
[Site "Szczyrk"]
[Date "1899-12-30"]
[Round "9.23"]
[White "Karlyk, Maria"]
[Black "Czarnecka, Lidia"]
[Result "0-1"]
[WhiteTitle "I"]
[BlackTitle "I++"]
[WhiteElo "1703"]
[BlackElo "1731"]

1. e4 c5 2. Nc3 Nc6 3. d3 g6 4. Be3 d6 5. g3 Bg7 6. Bg2 e6 7. f4 Nge7 8. Nf3 Nd4
9. Qd2 Rb8 10. Nd1 b5 11. c3 Nxf3+ 12. Bxf3 b4 13. d4 bxc3 14. bxc3 Qc7 15. O-O
Ba6 16. Re1 O-O 17. Nf2 Rfd8 18. Rab1 Bb5 19. Rec1 Bc4 20. Be2 Bxe2 21. Qxe2 c4
22. Qd2 d5 23. e5 Nf5 24. Kg2 Qa5 25. Nd1 Nxe3+ 26. Nxe3 Bf8 27. Nc2 Qa4 28. g4
Rb5 29. Rxb5 Qxb5 30. Ne3 Rb8 31. Rc2 Be7 32. Nd1 Qa4 33. Ne3 Qb5 34. Nd1 Qb1
35. Rc1 Qe4+ 36. Kg3 Ba3 37. Rc2 Rb1 38. Ne3 Rg1+ 39. Ng2 Rf1 40. h3 Qf3+ 41.
Kh2 Rd1 42. Qe3 Qf1 43. Qf2 Qh1+ 44. Kg3 Rd3+ 0-1

[Event "Druzynowe Mistrzostwa Polski Juniorow 2019 - II Liga"]
[Site "Szczyrk"]
[Date "1899-12-30"]
[Round "9.24"]
[White "Slusarczyk, Anna"]
[Black "Krzyston, Katarzyna"]
[Result "1-0"]
[WhiteTitle "I"]
[BlackTitle "II"]
[WhiteElo "1328"]
[BlackElo "1000"]

1. d4 d5 2. c4 c6 3. Nf3 Nf6 4. Nc3 a6 5. Bf4 Bg4 6. Ne5 e6 7. Bg5 Bf5 8. Qa4 Nbd7
9. Nxd7 Qxd7 10. Bxf6 gxf6 11. c5 Bh6 12. e3 O-O 13. Qd1 Kh8 14. g4 Bg6 15. h4
Rg8 16. h5 Be4 17. f3 Qc7 18. Rh3 Bxf3 19. Qxf3 Qd8 20. Rd1 Rg5 21. e4 Qe7 22.
Rh2 Rag8 23. Bh3 Qd8 24. Rf2 Bg7 25. h6 Bxh6 26. Qxf6+ Qxf6 27. Rxf6 Kg7 28. e5
Rg6 29. Rf2 Bg5 30. Ke2 Rh6 31. Bg2 Rh4 32. Bf3 Kf8 33. Rdf1 Rg7 34. Na4 Ke8 35.
Nb6 Kd8 36. Kd3 Rh3 37. Ke2 Rh4 38. Bh1 Rxg4 39. Rxf7 Rxf7 40. Rxf7 Rxd4 41. Rxh7
Rd2+ 42. Ke1 Rxb2 43. Rh8+ Kc7 44. Rc8# 1-0

[Event "Druzynowe Mistrzostwa Polski Juniorow 2019 - II Liga"]
[Site "Szczyrk"]
[Date "1899-12-30"]
[Round "9.25"]
[White "Luczak, Filip"]
[Black "Twardowski, Hubert"]
[Result "1/2-1/2"]
[WhiteTitle "CM"]
[BlackTitle "I"]
[WhiteElo "2144"]
[BlackElo "1830"]

1. Nf3 Nf6 2. g3 g6 3. Bg2 Bg7 4. O-O O-O 5. c4 e6 6. d4 d5 7. Nbd2 Nbd7 8. Qc2
c6 9. b3 Re8 10. Bb2 b6 11. e4 Nxe4 12. Nxe4 dxe4 13. Qxe4 Bb7 14. Ne5 Nxe5 15.
dxe5 Rb8 16. Rfd1 Qe7 17. Rd6 c5 18. Qd3 Red8 19. Rd1 Rxd6 20. exd6 Qd7 21. Bxg7
Kxg7 22. Bxb7 Rxb7 23. Qe4 Rb8 24. g4 h6 25. h4 Qd8 26. Qe5+ Qf6 27. f4 g5 28.
hxg5 hxg5 29. Qxg5+ Qxg5 30. fxg5 Kg6 31. Kf2 Kxg5 32. Kf3 Rd8 33. Ke4 f6 34.
Kf3 Rd7 35. a3 f5 36. b4 Kf6 37. bxc5 bxc5 38. Kf4 e5+ 39. Kf3 fxg4+ 40. Ke4 Ke6
41. Rd5 Rxd6 42. Rxe5+ Kf6 43. Rxc5 Ra6 44. Rf5+ Ke6 45. Rg5 Rxa3 46. Rxg4 Kd6
47. Kd4 Ra5 48. Rg6+ Kc7 49. c5 Ra1 50. Rg7+ 1/2-1/2

[Event "Druzynowe Mistrzostwa Polski Juniorow 2019 - II Liga"]
[Site "Szczyrk"]
[Date "1899-12-30"]
[Round "9.26"]
[White "Sulima, Franciszek"]
[Black "Majewski, Krzysztof"]
[Result "0-1"]
[WhiteTitle "II"]
[BlackTitle "I"]
[WhiteElo "1357"]
[BlackElo "1719"]

1. e4 e6 2. d4 d5 3. e5 c5 4. c3 Nc6 5. Nf3 Qb6 6. Be2 Bd7 7. O-O Nh6 8. b3 Rc8
9. Na3 Nf5 10. g4 Nh6 11. h3 Be7 12. Nc2 Ng8 13. Ne3 f6 14. exf6 Nxf6 15. Bd3
O-O 16. Ne5 Nxe5 17. dxe5 Ne8 18. Qc2 g6 19. c4 d4 20. Ng2 Ng7 21. Bh6 Qd8 22.
Bxg6 hxg6 23. Qxg6 Rf7 24. Nf4 Qf8 25. Nh5 Kh8 26. g5 Qg8 27. Bxg7+ Rxg7 28. Qxg7+
Qxg7 29. Nxg7 Kxg7 30. f4 Kg6 31. Kh2 Bc6 32. Rae1 Rf8 33. Kg3 Bd8 34. Kg4 Ba5
35. Re2 Rd8 36. Rd1 d3 37. Re3 d2 38. h4 Rd4 39. h5+ Kh7 40. h6 Be4 41. Rh3 Bf5+
42. Kh5 Bxh3 43. g6+ Kg8 44. g7 Bf5 45. Kg5 Bd8+ 46. Kh5 Bc2 47. Rg1 d1=Q+ 48.
Rxd1 Bxd1+ 49. Kg6 Bc2+ 0-1

[Event "Druzynowe Mistrzostwa Polski Juniorow 2019 - II Liga"]
[Site "Szczyrk"]
[Date "1899-12-30"]
[Round "9.27"]
[White "Grzesik, Gracjan"]
[Black "Trzebinski, Patryk"]
[Result "1/2-1/2"]
[WhiteTitle "I++"]
[BlackTitle "I"]
[WhiteElo "1974"]
[BlackElo "1679"]

1. c4 e5 2. Nc3 Nf6 3. Nf3 Nc6 4. g3 d5 5. cxd5 Nxd5 6. d3 Be7 7. Bd2 Be6 8. Bg2
f5 9. O-O Bf6 10. Qa4 Nb6 11. Qc2 O-O 12. a3 Nd4 13. Nxd4 exd4 14. Na4 Nxa4 15.
Qxa4 Bd5 16. Qb5 Bxg2 17. Kxg2 Qc8 18. Rac1 Re8 19. Qc4+ Qe6 20. Qxe6+ Rxe6 21.
Rxc7 Rxe2 22. Rd1 b6 23. Kf1 Re7 24. Rdc1 Kf7 25. Bb4 Rxc7 26. Rxc7+ Ke6 27. Ke2
a5 28. Bd2 Re8 29. Kd1 Kd5 30. Bf4 Re7 31. Rc8 Rd7 32. h4 h6 33. h5 Rd8 34. Rc7
Re8 35. Kd2 Re7 36. Rc8 Re6 37. Rg8 Rc6 38. Re8 1/2-1/2

[Event "Druzynowe Mistrzostwa Polski Juniorow 2019 - II Liga"]
[Site "Szczyrk"]
[Date "1899-12-30"]
[Round "9.28"]
[White "Malinowski, Szymon"]
[Black "Bochniak, Franciszek"]
[Result "1-0"]
[WhiteTitle "I"]
[BlackTitle "II+"]
[WhiteElo "1657"]
[BlackElo "1194"]

1. d4 Nf6 2. Nf3 e6 3. Bg5 c5 4. c3 cxd4 5. cxd4 Qb6 6. Qc2 Nc6 7. e3 d5 8. Nc3
h6 9. Bh4 Bd7 10. a3 Rc8 11. Bd3 Na5 12. O-O Qb3 13. Qe2 Be7 14. Ne5 Bd6 15. Bxf6
gxf6 16. Nxd7 Kxd7 17. e4 Nc4 18. exd5 Nxb2 19. dxe6+ fxe6 20. Bb5+ Ke7 21. d5
Be5 22. Qg4 f5 23. Qg6 Bf6 24. Rae1 Qxc3 25. Rxe6+ Kd8 26. Qf7 Rc6 27. dxc6 bxc6
28. Rd6+ Kc8 29. Ba6+ Kb8 30. Qb7# 1-0

[Event "Druzynowe Mistrzostwa Polski Juniorow 2019 - II Liga"]
[Site "Szczyrk"]
[Date "1899-12-30"]
[Round "9.29"]
[White "Bienko, Jagoda"]
[Black "Filipska, Maja"]
[Result "1-0"]
[WhiteTitle "I"]
[BlackTitle "I++"]
[WhiteElo "1415"]
[BlackElo "1602"]

1. d4 Nf6 2. Nf3 e6 3. g3 c5 4. Bg2 cxd4 5. Nxd4 Bc5 6. O-O d5 7. b3 Nc6 8. Bb2
Qc7 9. Nxc6 bxc6 10. c4 O-O 11. cxd5 cxd5 12. Nc3 Bb7 13. Rc1 Qe7 14. Qd3 a5 15.
Rfd1 Ba6 16. Qf3 Rac8 17. Na4 Ba7 18. Rc3 Ne4 19. Rxc8 Rxc8 20. Bd4 Bxd4 21. Rxd4
Rc1+ 22. Bf1 Qg5 23. h4 Qh6 24. Qxe4 Re1 25. Rxd5 Qf6 26. Re5 g6 27. Nc3 Bb7 28.
Qf4 Qd8 29. Qe3 Qd7 30. f3 Qc7 31. Kf2 Ra1 32. Rc5 Qd7 33. Qd3 Qe7 34. Rxa5 Qb4
35. Ra4 Qc5+ 36. Qd4 Qc8 37. Rc4 Qb8 38. Ne4 Bxe4 39. Qxe4 Rxa2 40. Rb4 Qc7 41.
Qc4 Qa7+ 42. Qd4 Qc7 43. Rc4 Qb7 44. b4 Qb8 45. Qc5 Kg7 46. b5 Ra5 47. Rb4 Qb7
48. Qd4+ f6 49. b6 Rd5 50. Qc4 Rd7 51. Qc5 f5 52. Ra4 Qb8 53. Ra7 Rb7 54. Rxb7+
Qxb7 1-0

[Event "Druzynowe Mistrzostwa Polski Juniorow 2019 - II Liga"]
[Site "Szczyrk"]
[Date "1899-12-30"]
[Round "9.30"]
[White "Skolska, Emilia"]
[Black "Grzesik, Nikola"]
[Result "1/2-1/2"]
[WhiteTitle "I"]
[BlackTitle "I"]
[WhiteElo "1359"]
[BlackElo "1338"]

1. e4 e5 2. Nf3 Nc6 3. d4 exd4 4. Bc4 Nf6 5. O-O Nxe4 6. Re1 d5 7. Bxd5 Qxd5 8.
Nc3 Qa5 9. Nxe4 Be6 10. Neg5 O-O-O 11. Nxe6 fxe6 12. Rxe6 Be7 13. Qe2 Bf6 14.
Bd2 Qb6 15. Rb1 Qc5 16. Qe4 Qd5 17. b3 Qxe4 18. Rxe4 Rhe8 19. Rbe1 Rxe4 20. Rxe4
b6 21. a3 Kb7 22. Kf1 d3 23. c3 Na5 24. b4 Nb3 25. Ke1 b5 26. Re6 Na1 27. g4 Rf8
28. Ne5 Nc2+ 29. Kf1 Bxe5 30. Rxe5 Nxa3 31. Rd5 Rf7 32. Bc1 Nc4 33. Rxb5+ Kc8
34. Rd5 Rd7 35. Rxd7 Kxd7 36. Be3 a6 37. Bd4 g6 38. f4 Ke6 39. Kf2 c6 40. h3 Kd5
41. f5 gxf5 42. gxf5 d2 43. Ke2 Kd6 44. Kd1 Ke7 45. Bg7 Kf7 46. Bh6 Kf6 47. Bxd2
Kxf5 48. Bc1 Ke4 49. Ke2 Nd6 50. Be3 Nc4 51. Bd4 1/2-1/2

[Event "Druzynowe Mistrzostwa Polski Juniorow 2019 - II Liga"]
[Site "Szczyrk"]
[Date "1899-12-30"]
[Round "9.31"]
[White "Hrymowicz, Artur"]
[Black "Swiech, Lukasz"]
[Result "1/2-1/2"]
[WhiteTitle "I++"]
[BlackTitle "II"]
[WhiteElo "2052"]
[BlackElo "1625"]

1. e4 e6 2. d4 d5 3. Nd2 c5 4. exd5 exd5 5. Bb5+ Nc6 6. Ngf3 Bd6 7. O-O Nge7 8.
dxc5 Bxc5 9. Nb3 Bd6 10. Bg5 O-O 11. c3 Bg4 12. Re1 f6 13. Bh4 Ne5 14. Be2 Be6
15. Bg3 N7g6 16. Nbd4 Bf7 17. Nf5 a6 18. Nxd6 Qxd6 19. Qd4 Rfe8 20. Rad1 Qc6 21.
Nd2 Rad8 22. Qb4 Qd7 23. Nb3 b5 24. Nd4 Nc6 25. Nxc6 Qxc6 26. a4 bxa4 27. Ra1
Re4 28. c4 Rde8 29. Kf1 dxc4 30. Qxa4 Qe6 1/2-1/2

[Event "Druzynowe Mistrzostwa Polski Juniorow 2019 - II Liga"]
[Site "Szczyrk"]
[Date "1899-12-30"]
[Round "9.32"]
[White "Owoc, Jakub"]
[Black "Jordan, Adam"]
[Result "1-0"]
[WhiteTitle "II"]
[BlackTitle "I+"]
[WhiteElo "1614"]
[BlackElo "1974"]

1. e4 c6 2. d4 d5 3. f3 e6 4. Nc3 Nd7 5. Bd3 Ne7 6. Nge2 Ng6 7. Be3 Be7 8. Qd2
b5 9. a4 b4 10. Nd1 a5 11. b3 Bb7 12. Nf2 Rc8 13. O-O O-O 14. c4 dxe4 15. fxe4
c5 16. d5 Qc7 17. Bf4 Nxf4 18. Nxf4 Bd6 19. Ng4 Ne5 20. Qe2 exd5 21. exd5 Nxd3
22. Nxd3 Rce8 23. Qf2 f5 24. Ne3 Bxh2+ 25. Kh1 Bg3 26. Qf3 Re4 27. Nxf5 Rh4+ 28.
Nxh4 Rxf3 29. Nxf3 Bc8 30. Nf2 Bf5 31. Ra2 Qf4 32. Re2 g5 33. Nh3 Bxh3 34. gxh3
Qf5 35. Kg2 Bf4 36. Ne5 Qf6 37. Ng4 Qc3 38. Rf3 Qd4 39. Nf2 h6 40. Rd3 Qg7 41.
d6 Qb7+ 42. Re4 Qd7 43. Re7 Qc6+ 44. Ne4 Kf8 45. d7 Bc7 46. Re8+ Kf7 47. Rf3+
Kg7 48. Re7+ Kg8 49. Nf6+ Kf8 50. Nd5+ Kg8 51. Rf6 Qb7 52. d8=Q+ 1-0

[Event "Druzynowe Mistrzostwa Polski Juniorow 2019 - II Liga"]
[Site "Szczyrk"]
[Date "1899-12-30"]
[Round "9.33"]
[White "Taranowicz, Michal"]
[Black "Krupinski, Mikolaj"]
[Result "0-1"]
[WhiteTitle "I"]
[BlackTitle "II"]
[WhiteElo "1630"]
[BlackElo "1510"]

1. e4 d5 2. exd5 Qxd5 3. Nc3 Qd6 4. d4 Nf6 5. Bd3 a6 6. Bg5 Nc6 7. Nge2 Bg4 8.
f3 Bh5 9. Bf4 Qd7 10. Qd2 O-O-O 11. O-O-O e6 12. Bc4 Na5 13. Qd3 Bg6 14. Ne4 Nxe4
15. fxe4 Nxc4 16. Qxc4 Bxe4 17. Qb3 Bxg2 18. Rhg1 Bd5 19. c4 Qc6 20. Kb1 Bxc4
21. Qe3 Bxe2 22. Qxe2 Qb5 23. Qc2 Qf5 24. Qxf5 exf5 25. d5 f6 26. Rc1 Rd7 27.
d6 g5 28. Bxg5 fxg5 29. Rxg5 Bh6 0-1

[Event "Druzynowe Mistrzostwa Polski Juniorow 2019 - II Liga"]
[Site "Szczyrk"]
[Date "1899-12-30"]
[Round "9.34"]
[White "Wiszniewski, Szymon"]
[Black "Kitewski, Bartosz"]
[Result "0-1"]
[WhiteTitle "II+"]
[BlackTitle "II"]
[WhiteElo "1473"]
[BlackElo "1447"]

1. e4 e6 2. d4 d5 3. Nd2 Nf6 4. e5 Nfd7 5. f4 c5 6. c3 Nc6 7. Ndf3 cxd4 8. cxd4
f6 9. a3 fxe5 10. fxe5 Be7 11. h4 Qb6 12. Bd3 Nf8 13. Ne2 Bd7 14. h5 O-O-O 15.
h6 Rg8 16. g3 gxh6 17. Bxh6 Ng6 18. Qc2 Kb8 19. Bd2 Rc8 20. Bc3 Rg7 21. Qd2 Rcg8
22. b4 a6 23. Rb1 Na7 24. Qd1 Rf7 25. Nd2 Bb5 26. Bxb5 Nxb5 27. Rb3 Nxe5 28. Nf1
Nf3+ 29. Kf2 Nfxd4+ 30. Kg2 Nxb3 31. Be5+ Bd6 32. Bxd6+ Nxd6 33. Nf4 Rxf4 34.
Qxb3 Qf2+ 35. Kh3 Rf3 0-1

[Event "Druzynowe Mistrzostwa Polski Juniorow 2019 - II Liga"]
[Site "Szczyrk"]
[Date "1899-12-30"]
[Round "9.35"]
[White "Bohdanowicz, Nikola"]
[Black "Surpeta, Julia"]
[Result "0-1"]
[WhiteTitle "I"]
[BlackTitle "I++"]
[WhiteElo "1266"]
[BlackElo "1564"]

1. d4 Nf6 2. c4 c5 3. d5 b5 4. b3 g6 5. Bb2 bxc4 6. bxc4 Ba6 7. Nd2 Bg7 8. e4 d6
9. Ngf3 Qa5 10. Bd3 O-O 11. O-O Nbd7 12. Re1 Rab8 13. Qc2 Rxb2 14. Qxb2 Nxd5 15.
Qc1 Nb4 16. Nb3 Qa4 17. Bc2 Nxc2 18. Qxc2 Qxc4 19. Qxc4 Bxc4 20. Rac1 Be6 21.
Ng5 Ne5 22. Nxe6 fxe6 23. Red1 Rf4 24. f3 Kf7 25. Nd2 Nd3 26. Rc3 Bxc3 27. Nb1
Bd4+ 28. Kf1 Nb4 29. a3 Nc2 30. Rd2 Ne3+ 31. Ke1 d5 32. exd5 exd5 33. Re2 c4 34.
Kd2 Nf5 35. a4 c3+ 36. Kc2 Bf6 37. a5 Nd4+ 38. Kd3 Nxe2 39. Kxe2 c2 0-1

[Event "Druzynowe Mistrzostwa Polski Juniorow 2019 - II Liga"]
[Site "Szczyrk"]
[Date "1899-12-30"]
[Round "9.36"]
[White "Bar, Klaudia"]
[Black "Filipiak, Magdalena"]
[Result "1-0"]
[WhiteTitle "I"]
[BlackTitle "I"]
[WhiteElo "1512"]
[BlackElo "1168"]

1. e4 e5 2. Nf3 Nc6 3. Bc4 Bc5 4. O-O Nf6 5. d3 d6 6. c3 O-O 7. Nbd2 Bd7 8. h3
h6 9. Re1 Nh7 10. Nf1 Qf6 11. Ng3 Kh8 12. Be3 Bb6 13. Nh2 Qg6 14. Bxb6 axb6 15.
d4 f5 16. d5 Ne7 17. exf5 Nxf5 18. Qh5 Qxh5 19. Nxh5 g6 20. Ng3 Nxg3 21. fxg3
Nf6 22. Nf3 Kg7 23. g4 g5 24. Nd2 Rae8 25. Nf1 Re7 26. Ne3 Ne4 27. Bd3 Nc5 28.
Bf5 Ref7 29. b4 Na6 30. Be6 Bxe6 31. dxe6 Rf6 32. e7 Re8 33. Nd5 Rf7 34. b5 c6
35. Ne3 Rf6 36. bxa6 bxa6 37. Rab1 b5 38. Rb3 Kg6 39. Nf5 1-0

[Event "Druzynowe Mistrzostwa Polski Juniorow 2019 - II Liga"]
[Site "Szczyrk"]
[Date "1899-12-30"]
[Round "9.37"]
[White "Jarzebowski, Kacper"]
[Black "Rudzinska, Michalina"]
[Result "1-0"]
[WhiteTitle "k"]
[BlackTitle "WFM"]
[WhiteElo "1987"]
[BlackElo "2143"]

1. c4 e5 2. g3 Nc6 3. Bg2 g6 4. Nc3 Bg7 5. d3 d6 6. Nf3 Nge7 7. O-O O-O 8. Bd2
h6 9. a3 a5 10. Rb1 f5 11. b4 axb4 12. axb4 Be6 13. b5 Nb8 14. Ne1 c6 15. Qb3
Nd7 16. Nc2 g5 17. Nb4 Nc5 18. Qc2 Qd7 19. Ra1 f4 20. bxc6 bxc6 21. Rxa8 Rxa8
22. Ne4 Nxe4 23. Bxe4 Bf5 24. Bg2 Bh3 25. Na2 Bxg2 26. Kxg2 Nf5 27. Bc3 Rf8 28.
Nb4 Qf7 29. Qd1 e4 30. Bxg7 f3+ 31. Kg1 Nxg7 32. Nxc6 Qh5 33. dxe4 fxe2 34. Qd5+
Kh7 35. Re1 Ne6 36. Nd4 Nxd4 37. Qxd4 Qf3 38. c5 dxc5 39. Qxc5 Kg6 40. e5 Kh5
41. Rxe2 Kg4 42. Qe3 Qc6 43. Qe4+ Qxe4 44. Rxe4+ Kf5 45. Re3 g4 46. e6 Re8 47.
e7 h5 48. Kg2 Kf6 49. h3 Rxe7 50. Rxe7 Kxe7 51. f4 gxf3+ 52. Kxf3 h4 53. g4 Kf6
54. Ke4 Kg5 1-0

[Event "Druzynowe Mistrzostwa Polski Juniorow 2019 - II Liga"]
[Site "Szczyrk"]
[Date "1899-12-30"]
[Round "9.38"]
[White "Wierzbicki, Michal"]
[Black "Dalkowski, Rafal"]
[Result "1-0"]
[WhiteTitle "I+"]
[BlackTitle "II+"]
[WhiteElo "2007"]
[BlackElo "1731"]

1. d4 Nf6 2. c4 c5 3. d5 b5 4. Qc2 bxc4 5. e4 d6 6. Bxc4 g6 7. Nc3 Bg7 8. f4 Nbd7
9. Nf3 O-O 10. O-O Nb6 11. Be2 e6 12. dxe6 fxe6 13. e5 Nfd5 14. Ne4 Nxf4 15. exd6
Nxe2+ 16. Qxe2 Bb7 17. Bg5 Qc8 18. Rfe1 Bd5 19. Be7 Rf4 20. Neg5 h6 21. Nxe6 Re4
22. Qxe4 Bxe4 23. Rxe4 Nd7 24. Rae1 Bxb2 25. Nh4 c4 26. Nxg6 c3 27. Bh4 Qb7 28.
Nd4 Qb6 29. Ne7+ Kh8 30. Bf2 Qxd6 31. Re6 Qb4 32. Ndf5 Nf8 33. Rxh6+ Nh7 34. Bd4+
Qxd4+ 35. Nxd4 1-0

[Event "Druzynowe Mistrzostwa Polski Juniorow 2019 - II Liga"]
[Site "Szczyrk"]
[Date "1899-12-30"]
[Round "9.39"]
[White "Zdybel, Przemyslaw"]
[Black "Czarniecki, Pawel"]
[Result "1-0"]
[WhiteTitle "I"]
[BlackTitle "II"]
[WhiteElo "1710"]
[BlackElo "1508"]

1. e4 c5 2. Nf3 e6 3. d4 cxd4 4. Nxd4 a6 5. Bd3 Nf6 6. O-O Qc7 7. c4 Nc6 8. Nxc6
dxc6 9. Nc3 Be7 10. Qe2 Bd6 11. h3 O-O 12. Be3 c5 13. f4 e5 14. f5 b6 15. Bg5
Be7 16. Rad1 Bb7 17. a4 Rad8 18. g4 Rd7 19. Be3 h6 20. h4 Nh7 21. Bf2 Rfd8 22.
Bg3 Bf6 23. Kg2 Rd6 24. Rh1 Qe7 25. Nd5 Bxd5 26. cxd5 a5 27. b3 Rf8 28. Rh2 g6
29. Qf3 Bg7 30. Rdh1 g5 31. hxg5 Nxg5 32. Qe3 f6 33. Bc4 Rf7 34. Kf2 Kf8 35. Ke2
Ke8 36. Bb5+ Kd8 37. Bc6 Qc7 38. Qd3 Qa7 39. Ke3 Re7 40. Qb5 Bf8 41. Rxh6 Bxh6
42. Rxh6 Rh7 43. Rg6 Rg7 44. Rxg7 Qxg7 45. Qxb6+ Qc7 46. Qxc5 Ke7 47. Be1 Nf7
48. Bxa5 Qb8 49. Bb4 Nd8 50. a5 Nxc6 51. dxc6 Qc7 52. a6 Kf7 53. Qxd6 Qb6+ 54.
Qc5 Qxa6 55. Qf8# 1-0

[Event "Druzynowe Mistrzostwa Polski Juniorow 2019 - II Liga"]
[Site "Szczyrk"]
[Date "1899-12-30"]
[Round "9.40"]
[White "Pieczulis, Blazej"]
[Black "Jaskulski, Jan"]
[Result "1/2-1/2"]
[WhiteTitle "I"]
[BlackTitle "II+"]
[WhiteElo "1480"]
[BlackElo "1513"]

1. d4 Nf6 2. c4 g6 3. Nc3 Bg7 4. Bg5 O-O 5. Nf3 d6 6. e3 Nbd7 7. Be2 c6 8. O-O
e5 9. dxe5 dxe5 10. Qc2 Qc7 11. Nd2 Nc5 12. b4 Ne6 13. Bxf6 Bxf6 14. Nce4 Bg7
15. c5 Qe7 16. Rad1 a5 17. a3 Nc7 18. Nd6 axb4 19. axb4 Be6 20. Bc4 Nd5 21. Qb3
b5 22. Bxd5 Bxd5 23. Qd3 Ra2 24. e4 Be6 25. Ra1 Rfa8 26. Rxa2 Rxa2 27. Qc3 Qa7
28. Rb1 Qa4 29. Nf3 Ra3 30. Qd2 Ra1 31. Rxa1 Qxa1+ 32. Qe1 Qxe1+ 33. Nxe1 f5 34.
f3 Bh6 35. Kf2 Bd2 36. Nc2 Bb3 37. Ke2 Bg5 38. Ne3 Bxe3 39. Kxe3 f4+ 40. Kf2 Be6
41. g3 g5 42. Ke2 Kg7 43. g4 1/2-1/2

[Event "Druzynowe Mistrzostwa Polski Juniorow 2019 - II Liga"]
[Site "Szczyrk"]
[Date "1899-12-30"]
[Round "9.41"]
[White "Wolszczak, Natalia"]
[Black "Choinska, Debora"]
[Result "0-1"]
[WhiteTitle "I"]
[BlackTitle "I++"]
[WhiteElo "1217"]
[BlackElo "1737"]

1. d4 d5 2. Nf3 Nf6 3. Bg5 e6 4. Nbd2 Be7 5. e3 O-O 6. Bd3 b6 7. Ne5 c5 8. c3 Bb7
9. O-O Nc6 10. f4 h6 11. Bh4 Ne4 12. Bxe7 Nxe7 13. Nxe4 dxe4 14. Bc4 Bd5 15. Be2
cxd4 16. cxd4 f6 17. Ng4 Rc8 18. b3 Nf5 19. Qd2 Qe8 20. Rac1 Qg6 21. Kh1 Nh4 22.
g3 Nf3 23. Bxf3 exf3 24. Nf2 f5 25. Rg1 Qh5 26. Qe1 Bb7 27. Qf1 Rxc1 28. Qxc1
Rc8 29. Qf1 Rc2 30. a3 Bd5 31. b4 Bc4 32. Qe1 Re2 33. Qc1 Rxf2 34. Qxc4 Qxh2#
0-1

[Event "Druzynowe Mistrzostwa Polski Juniorow 2019 - II Liga"]
[Site "Szczyrk"]
[Date "1899-12-30"]
[Round "9.42"]
[White "Walendykiewicz, Martyna"]
[Black "Czarkowska, Dalia"]
[Result "0-1"]
[WhiteTitle "I"]
[BlackTitle "II+"]
[WhiteElo "1221"]
[BlackElo "1000"]

1. e4 c5 2. Nf3 e6 3. d4 cxd4 4. Nxd4 Nf6 5. Bd3 a6 6. Nc3 Bc5 7. Nb3 Bb6 8. Bg5
Nc6 9. O-O Qc7 10. Qd2 Ng4 11. h3 Qh2# 0-1

[Event "Druzynowe Mistrzostwa Polski Juniorow 2019 - II Liga"]
[Site "Szczyrk"]
[Date "1899-12-30"]
[Round "9.43"]
[White "Mazurek, Bartosz"]
[Black "Majocha, Piotr"]
[Result "1/2-1/2"]
[WhiteTitle "I"]
[BlackTitle "I++"]
[WhiteElo "1857"]
[BlackElo "2005"]

1. d4 Nf6 2. Nf3 g6 3. c4 Bg7 4. Nc3 d5 5. Bg5 Ne4 6. cxd5 Nxg5 7. Nxg5 e6 8. Qd2
h6 9. Nh3 exd5 10. Nf4 c6 11. Qe3+ Qe7 12. Qxe7+ Kxe7 13. e3 Bf5 14. Be2 h5 15.
O-O Nd7 16. b4 Nb6 17. Bd3 Bxd3 18. Nxd3 Nc4 19. Rfb1 Rhb8 20. a4 Bf8 21. g3 Kd7
22. a5 a6 23. Na4 Kc7 24. Ra2 Re8 25. Kg2 Rab8 26. Nac5 Bd6 27. Re1 Re7 28. Nb2
Nxb2 29. Rxb2 Bxc5 30. bxc5 Rbe8 31. h4 f5 32. Rb3 Re4 33. Reb1 Rb8 34. f3 1/2-1/2

[Event "Druzynowe Mistrzostwa Polski Juniorow 2019 - II Liga"]
[Site "Szczyrk"]
[Date "1899-12-30"]
[Round "9.44"]
[White "Szydelko, Michal"]
[Black "Kebel, Bartosz"]
[Result "1-0"]
[WhiteTitle "I"]
[BlackTitle "II"]
[WhiteElo "1843"]
[BlackElo "1463"]

1. e4 c5 2. c3 d5 3. exd5 Qxd5 4. d4 Nc6 5. Nf3 e6 6. Be2 Nf6 7. O-O Be7 8. Be3
cxd4 9. Nxd4 Nxd4 10. Bxd4 O-O 11. Bf3 Qd6 12. Nd2 Rd8 13. Qb3 Qc7 14. Nc4 Nd7
15. Rad1 Bc5 16. Rd2 Bxd4 17. Rxd4 Nc5 18. Rxd8+ Qxd8 19. Qb5 Qe7 20. Rd1 Bd7
21. Qb4 Rb8 22. Rxd7 Qxd7 23. Qxc5 Rc8 24. Qd6 Qb5 25. b3 g6 26. h3 b6 27. Qe7
Qf5 28. Nd6 Qb1+ 29. Kh2 Rf8 30. Ne4 Qxa2 31. Nf6+ Kg7 32. Nxh7 Rh8 33. Ng5 Rf8
34. Nxe6+ 1-0

[Event "Druzynowe Mistrzostwa Polski Juniorow 2019 - II Liga"]
[Site "Szczyrk"]
[Date "1899-12-30"]
[Round "9.45"]
[White "Sleczka, Krzysztof"]
[Black "Bochenek, Ryszard"]
[Result "1-0"]
[WhiteTitle "II"]
[BlackTitle "II"]
[WhiteElo "1191"]
[BlackElo "1362"]

1. e4 e6 2. d4 d5 3. Nc3 dxe4 4. Nxe4 Bd7 5. Bd3 Bc6 6. Nf3 Nd7 7. Qe2 Be7 8. O-O
Ngf6 9. Nxf6+ Bxf6 10. c3 O-O 11. Bc2 Re8 12. Qd3 Nf8 13. Re1 Ng6 14. Bd2 Qd6
15. Rad1 Rad8 16. Bc1 b6 17. h3 Bb7 18. Bg5 Bxg5 19. Nxg5 Bxg2 20. Re3 Bb7 21.
h4 Qd5 22. f3 f5 23. Bb3 Qd6 24. Nxe6 Bd5 25. Nxd8 Qg3+ 26. Kf1 Qh3+ 27. Kg1 Qg3+
28. Kf1 Qh3+ 29. Kg1 Rxd8 30. Bxd5+ Rxd5 31. Qc4 Qg3+ 32. Kf1 Qh3+ 33. Ke1 Qxh4+
34. Kd2 Qf2+ 35. Qe2 Qxe2+ 36. Rxe2 Kf7 37. Rh1 h6 38. Kc2 Nf4 39. Re3 Rd7 40.
Re5 Kf6 41. Kb3 c5 42. Kc4 Rc7 43. Kb5 cxd4 44. cxd4 Rc2 45. Ka6 Rxb2 46. Kxa7
Rxa2+ 47. Kxb6 Rf2 48. Rhe1 Rxf3 49. d5 Rd3 50. Kc6 Rc3+ 51. Kd7 Rd3 52. d6 Ra3
53. Kc8 Ra8+ 54. Kb7 Rf8 55. d7 Rf7 56. Kc8 Rxd7 57. Kxd7 g5 58. Re8 g4 59. Rf1
Kg5 60. Rf8 Ng6 61. R8xf5+ Kh4 62. Rh1+ Kg3 63. Rxh6 Nf4 64. Kd6 Nh3 65. Ke5 Kh2
66. Rxh3+ Kxh3 67. Rh5+ Kg3 68. Ke4 Kf2 69. Ra5 Kg3 70. Ra2 Kh4 71. Kf4 Kh3 72.
Rb2 1-0

[Event "Druzynowe Mistrzostwa Polski Juniorow 2019 - II Liga"]
[Site "Szczyrk"]
[Date "1899-12-30"]
[Round "9.46"]
[White "Szuber, Dawid"]
[Black "Uhryn, Mateusz"]
[Result "0-1"]
[WhiteTitle "II"]
[BlackTitle "II"]
[WhiteElo "1340"]
[BlackElo "1321"]

1. e4 c5 2. Nf3 Nc6 3. d4 cxd4 4. Nxd4 g6 5. c4 Bg7 6. Be3 Nf6 7. Nc3 O-O 8. Be2
d6 9. Qd2 Ng4 10. Bxg4 Bxg4 11. f3 Bd7 12. O-O Ne5 13. b3 Qa5 14. Rad1 Rfe8 15.
Nd5 Qxd2 16. Rxd2 Rac8 17. Ne2 b6 18. h3 Bc6 19. Kf2 Nd7 20. Rfd1 Nf6 21. Nef4
g5 22. Nxf6+ Bxf6 23. Nh5 Bg7 24. Bxg5 f6 25. Be3 Kf7 26. Ng3 Rh8 27. Bf4 Bd7
28. Ne2 h5 29. Be3 h4 30. f4 Bh6 31. f5 Bxe3+ 32. Kxe3 b5 33. Rc1 Rhg8 34. Nf4
Rg3+ 35. Kf2 bxc4 36. bxc4 Bc6 37. Re2 Bb5 38. Rec2 Bc6 39. Re2 Bb5 40. Rec2 Bc6
41. Re2 Bb5 42. Nh5 Ra3 43. Rec2 Bc6 44. Re2 Bb5 45. Rec2 Bc6 46. Re2 Bb5 47.
Nf4 Rxc4 48. Rxc4 Bxc4 49. Rd2 Rxa2 50. Rxa2 Bxa2 51. Ng6 Bb1 52. Ke3 a5 53. Kd2
Bxe4 54. Nxh4 a4 55. Kc3 d5 56. g4 a3 57. Kb3 d4 58. Ng6 d3 59. Kc3 a2 60. Kb2
d2 61. Kxa2 d1=Q 62. Kb2 Qc2+ 63. Ka3 Qb1 64. h4 Bc2 0-1